00280nam a2200121Ia 450000500170000000800410001708200130005810000150007124500150008626000350010130000120013665000100014820250320220047.0240331s9999 xx 000 0 und d bNADa894 aNadarajan, 0aChilampoli aJaffnabAnaththa Achagamc1960 a85 p ., aPoems